000
00339nam a2200157 4500
008
190521s1959||||xo d
245
1
0
_a
Dendrometria
260
_a
Bratislava
_c
1959
_b
SVPL
100
1
_a
Grunwald I.F.
_9
1100
250
_a
1.vydanie
300
_a
371s.
020
_c
0
041
1
_a
slo
044
_a
xo
_c
SK
958
_a
A
999
_c
22393
_d
22393